=LDR 00000nam 2200000 4500 =001 INLIS000000000001302 =005 20130612085716 =008 ***********************************Ind** =035 ##$$0010-061300000001302 =041 ##$$a Ind =082 ##$$a 304.2 =090 ##$$a 304.2, Pra-m =100 ##$$a PRANOWO, Handoyo Adi =245 ##$$a Manusia dan hutan, Proses perubahan ekologi di Lereng Gunung Merapi, Handojo Adi Pranowo =250 ##$$a 89 - 92; Indeks hlm. 93 - 103 =260 ##$$a 1985 $b Yogyakarta =300 ##$$a xviii, 103 hlm, ilus, 21 cm =650 ##$$a Ekologi =650 ##$$a Manusia =850 ##$$a NBPNMAT